Rozvoj finančního trhu je základem prosperity.
Transformácia centrálne plánovaného hospodárstva na hospodárstvo trhové v ČR. Vytváranie finančného trhu. Vznik inštitúcií a nástrojov finančného trhu - bánk, investičných fondov, investičných spoločností, búrz. Nástroje finančného trhu - cenné papiere, šeky, dlhopisy. Vytváranie legislatívneho rámc...
Salvato in:
| Autore principale: | |
|---|---|
| Natura: | Capitolo di libro |
| Lingua: | ceco |
| Soggetti: | |
| Tags: |
Nessun Tag, puoi essere il primo ad aggiungerne!!
|
MARC
| LEADER | 00000naa a2200000 4500 | ||
|---|---|---|---|
| 001 | r012569 | ||
| 005 | 20220826094401.1 | ||
| 041 | 0 | |a cze | |
| 044 | |a CZ | ||
| 245 | 1 | 0 | |a Rozvoj finančního trhu je základem prosperity. |c R. Kaminský |
| 520 | |a Transformácia centrálne plánovaného hospodárstva na hospodárstvo trhové v ČR. Vytváranie finančného trhu. Vznik inštitúcií a nástrojov finančného trhu - bánk, investičných fondov, investičných spoločností, búrz. Nástroje finančného trhu - cenné papiere, šeky, dlhopisy. Vytváranie legislatívneho rámca - zákonov umožňujúcich fungovanie finančného trhu. Zapájanie sa do medzinárodných finančných inštitúcií a otváranie sa ekonomiky. | ||
| 610 | 2 | 0 | |a trh finančný |
| 610 | 2 | 0 | |a Čechy |
| 610 | 2 | 0 | |a transformácia |
| 610 | 2 | 0 | |a banky |
| 610 | 2 | 0 | |a fondy investičné |
| 610 | 2 | 0 | |a spoločnosti investičné |
| 610 | 2 | 0 | |a papiere cenné |
| 610 | 2 | 0 | |a burzy |
| 610 | 2 | 0 | |a šeky |
| 610 | 2 | 0 | |a dlhopisy |
| 610 | 2 | 0 | |a predpisy právne |
| 610 | 2 | 0 | |a Čechy |
| 610 | 2 | 0 | |a nástroje investičné |
| 100 | 1 | |a Kaminský, R. | |